| 000 | 02582nam0a2200373 4500 | ||
|---|---|---|---|
| 001 | RU\NLR\bibl\1273082 | ||
| 005 | 20260407190615.0 | ||
| 021 |
_aRU _b2008-55540 _93082 |
||
| 035 | _a(NLR Aleph) 001258940 | ||
| 090 |
_a366664 _c366664 |
||
| 100 | _a20131026d2007 |||y0rusy50 ca | ||
| 101 | 0 | _arus | |
| 102 | _aRU | ||
| 105 | _aa|||z|||||||| | ||
| 200 | 1 |
_aМетодика построения кривой безрисковой доходности "спот" и кредитных спрэдов для группы облигаций с неоднородным кредитным качеством эмитентов: стандарт EFFAS-EBC для стран Еврозоны _f[С.Н. Смирнов, А.В. Захаров, Р.В. Рачков и др.] |
|
| 210 |
_aМосква _cГУ ВШЭ _d2007 |
||
| 215 |
_a39 с. _cил. _d20 |
||
| 225 | 1 |
_aПрепринт _fГос. ун-т Высш. шк. экономики, Науч.-учеб. лаб. фин. инженерии и риск-менеджмента _hСерия WP16 _iФинансовая инженерия, риск-менеджмент и актуарная наука _fред.: С.Н. Смирнов, А.Г. Шоломицкий _vWP16/2007/03 |
|
| 300 | _aАвт. указаны в вып. дан. | ||
| 320 | _aБиблиогр.: с. 38-39 (24 назв.) и в подстроч. примеч. | ||
| 606 | 1 |
_aРиски финансовые _xУправление _xМатематическое моделирование _92340340 _3RU\NLR\AUTH\661398958 |
|
| 606 | 1 |
_aГосударственные долги _yЕвропейские страны _92152679 _3RU\NLR\AUTH\661600978 |
|
| 686 | 1 | _aУ26(4)-21в611 | |
| 686 | 1 | _aУ26(4)8 | |
| 701 | 1 |
_8rus _7ca _aСмирнов _bС. Н. _cканд. физ.-мат. наук, упр. фин. рисками _f1955- _gСергей Николаевич _3RU\NLR\AUTH\7728198 _911229 |
|
| 701 | 1 |
_8rus _7ca _aЗахаров _bА. В. _cканд. экон. наук, канд. физ.-мат. наук, политолог _gАлексей Владимирович _3RU\NLR\AUTH\7788833 _971761 |
|
| 701 | 1 |
_aРачков _bР.В. |
|
| 712 | 0 | 2 |
_aГосударственный университет - Высшая школа экономики _cМосква _bНаучно-учебная лаборатория финансовой инженерии и риск-менеджмента _3RU\NLR\AUTH\8810123418 _9744607 |
| 801 | 0 |
_aRU _bNLR _c20080915 _gRCR |
|
| 801 | 1 |
_aRU _bNLR _c20080915 |
|
| 942 | _cBOOK | ||
| 980 | _aNB | ||